Zpráva o stavu země : strategické volby, před nimiž stojí /

Další autoři: Balabán, Miloš, 1962-
Jazyk: Čeština
Vydáno: Praha : UK FSV CESES, 2004
Vydání: Vyd. 1.
Edice: Studie CESES. Analytik
Témata:
Fyzický popis: 36 s. ; 30 cm
Language note: Anglické resumé
Knihy
Uloženo v:
LEADER 01756nam a2200469 a 4500
001 000745032
003 CZ BrMZK
005 20041129090908.0
007 ta
008 041021s2004 xr er 000 0 cze d
015 |a cnb001928047 
020 |q (brož.) 
035 |a (OCoLC)428367686 
040 |a BOA001  |b cze 
041 0 |a cze  |b eng 
043 |a e-xr--- 
072 7 |a 316.3  |x Globální společnosti. Sociální struktura. Sociální skupiny  |2 Konspekt  |9 18 
080 |a 314  |2 MRF 
080 |a 314.116  |2 MRF 
080 |a 001:316.344.3  |2 MRF 
080 |a 338  |2 MRF 
080 |a 328/329  |2 MRF 
080 |a (437.3)  |2 MRF 
080 |a (048.8)  |2 MRF 
245 0 0 |a Zpráva o stavu země :  |b strategické volby, před nimiž stojí /  |c zpracoval tým pracovníků a spolupracovníků CESES ve složení Miloš Balabán ... [et al.] 
250 |a Vyd. 1. 
260 |a Praha :  |b UK FSV CESES,  |c 2004 
300 |a 36 s. ;  |c 30 cm 
490 1 |a Studie CESES. Analytik ;  |v 6/2004 
546 |a Anglické resumé 
650 0 7 |a obyvatelstvo  |7 ph123621  |z Česko  |y 21. stol.  |2 czenas 
650 0 7 |a vzdělanost  |7 ph127306  |z Česko  |y 21. stol.  |2 czenas 
655 7 |a studie  |7 fd133597  |2 czenas 
651 4 |a Česko  |x demografický vývoj  |y 21. stol. 
651 7 |a Česko  |7 ge128065  |x hospodářské poměry  |y 21. stol.  |2 czenas 
651 7 |a Česko  |7 ge128065  |x politika a vláda  |y 21. stol.  |2 czenas 
700 1 |a Balabán, Miloš,  |d 1962-  |7 jn20001227527  |4 aut 
830 0 |a Studie CESES.  |p Analytik 
910 |a BOA001  |b 3-1136.960 
990 |a BK 
996 6 |b 2610231070  |c 3-1136.960  |l MZK  |r Sklad / do 1 hodiny  |n 0  |p p.v.  |w 000745032  |u 000010  |a 1  |e BOA001  |j MZK50  |s P 
996 7 |b 2610231071  |c 3-1136.960  |l MZK  |r Sklad / do 1 hodiny  |n 11  |p p.v.  |w 000745032  |u 000020  |a 1  |e BOA001  |j MZK50  |s A